000 01031nam a2200301 i 4500
001 C2-0307878
003 PPAK
005 20240402112433.0
008 110330s2000 my aod e | 0 may d
020 _a9679120597
_qpaperback
040 _aPPAK
_beng
_cPPAK
_erda
082 0 4 _223
_a959.5
090 0 0 _a959.5
_bKUM
_dKMI
090 2 0 _a959.5
_bKUM
_dR
090 2 0 _a959.5
_bMAL
_dKWS
110 2 _aMalaysia.
_bKementerian, Kesenian dan Pelancongan
245 0 0 _aKUMPULAN KERTAS KERJA SEMINAR PENGHAYATAN DAN PENGUKUHAN KEMERDEKAAN MALAYSIA.
_p(JILID 1)
264 1 _aKuala Lumpur :
_bArkib Negara Malaysia,
_c2000
300 _a330 pages :
_bcolour photographs ;
_c30 cm
336 _2rdacontent
_atext
337 _2rdamedia
_aunmediated
338 _2rdacarrier
_avolume
650 1 0 _aIndependence Day
_zMalaysia
_xCongresses
650 1 0 _aNationalism
_zMalaysia
_xCongresses
651 0 _aMalaysia
_vHistory
_xCongresses
651 0 _aMalaysia
_vPolitics and government
_xCongresses
942 _cB
_2ddc
999 _c110564
_d110564